Top 15 largest countries of North America - Statistics

General Stats
  • This quiz has been taken 23 times
  • The average score is 14 of 15
Answer Stats
Area in km2 Answer % Correct
9,984,670 Canada
100%
109,886 Cuba
100%
108,889 Guatemala
100%
1,964,375 Mexico
100%
130,373 Nicaragua
100%
9,629,091 United States
100%
75,417 Panama
95%
51,100 Costa Rica
90%
48,671 Dominican Republic
90%
27,750 Haiti
90%
112,492 Honduras
90%
21,041 El Salvador
86%
10,991 Jamaica
86%
22,966 Belize
76%
13,943 The Bahamas
67%
No matching quizzes found
Score Distribution
Percent of People with Each Score
Percentile by Number Answered
Your Score History
You have not taken this quiz